| 000 | 00382nam a2200145 i 4500 | ||
|---|---|---|---|
| 001 | 95015 | ||
| 003 | ES-MaACL | ||
| 007 | t| | ||
| 008 | 050519s1953 sp ||||1| spa d | ||
| 100 | 1 |
_aLuisi, Clotilde. _974703 |
|
| 245 | 1 | 0 |
_aRegreso y otros cuentos / _cClotilde Luisi. |
| 260 |
_aMadrid : _bInsula, _c1953. |
||
| 300 |
_a267 p. ; _c21 cm. |
||
| 852 |
_aES-MaACL _jC-9603 _bR.34530 |
||
| 999 |
_c95015 _d95015 |
||